000 00644nam a2200193Ii 4500
003 JO-AjNU
008 230605s9999||||xx |||||||||||||| ||und||
040 _aJO-AjNU
_bara
_erda
_cJO-AjNU
041 _aara
050 1 4 _aBP180.M34 2011
100 3 _aالمليجي، فؤاد السيد ؛ م.مشارك هيبت محمد عبد القادر,
_eauthor
_928788
245 0 0 _aمحاسبة الزكاة
264 3 1 _aالاسكندرية: الدار الجامعية، 2011
300 _a322ص
336 _atext
_btxt
_2rdacontent
337 _aunmediated
_bn
_2rdamedia
338 _avolume
_bnc
_2rdacarrier
650 4 _aالزكاة
_928789
999 _aA11209
_c14777
_d14777